| 000 | 00748nam a2200193 a 4500 | ||
|---|---|---|---|
| 008 | 170728s2016 ||||||||||||||||| || u | ||
| 020 | _a9781138961494 | ||
| 050 | _aRA 639 One | ||
| 100 | _aBardosh, Kevin | ||
| 245 | 1 | 0 |
_aOne health: science ,politics and zoonotic disease in Africa _cEdited By Kevin Bardosh |
| 260 |
_aNew York: _bRoutledge _c2016 |
||
| 300 | _axix, 239p.: ill. | ||
| 350 | _a46.95 | ||
| 650 | _aZOONOSES--AFRICA | ||
| 650 | _aZOONOSES--PREVENTION | ||
| 650 | _aCOMMUNICABLE DISEASES--AFRICA--EPIDEMIOLOGY | ||
| 650 | _aHEALTH SERVICES ADMINISTRATION--AFRICA | ||
| 995 |
_FCBU-MAIN LIBRARY (Kitwe) _I46.95 _M1 _UAVAILABLE _WJul 28, 2017 _ZMain Library Open Access Collection |
||
| 999 |
_c52604 _d52604 |
||